Немеркнучі легенди (Запис № 17279)

000 -Маркер запису
Контрольне поле сталої довжини 02013nam a22002537a 4500
003 - Належність контрольного номера
Контрольне поле Uzh_bibl
008 - Кодовані дані
Контрольне поле сталої довжини 260408b |||||||| |||| 00| 0 ukr d
020 ## - Індекс ISBN
Ціна 1.30
040 ## - Джерело каталогіз.
Служба первин.кат. укр.
041 ## - Код мови видання
Код мови оригіналу українська
Код мови тексту українська
080 ## - Індекс УДК
Індекс УДК 821(477)
090 ## - Шифри
Поличний індекс 821(477)
Авторський знак П 32
100 ## - Автор
Автор Пільгук, Іван
245 ## - Назва
Назва Немеркнучі легенди
Фізичний носій Текст
260 ## - Вихідні дані
Місце видання Київ
Видавництво Радянський письменник
Дата видання 1986
300 ## - Фізичний опис
Обсяг 432 с.
Тип одиниці В опр.
520 ## - Анотація
Анотація Три художньо-документальні повісті – остання книга українського радянського письменника, літературознавця та критика Івана Пільгука. Талант дослідника та майстерність художника слова особливо приваблюють у розповіді про дружбу та творчі взаємини російського композитора М. Глінки та С. Гулака-Артемовського (повість «Немеркнучі легенди»). Реалістичні картини життя і творчої праці художника М. Ге письменник змалював у повісті «Обрії істини».<br/>Про Леся Курбаса прозаїк захоплююче розповідає у творінні «Гомін тривожних днів».
521 ## - Примітка про цільове призначення
Примітка про цільове призначення Для широкого кола читачів
546 ## - Примітка про мову
Примітка про мову укр.
650 ## - Тематичні рубрики
Основна рубрика Літературно-художнє видання
Хронологічна підрубрика Різні історичні періоди (переважно давнина та козацька доба)
Географічна підрубрика Україна, різні історичні місцевості
653 ## - Ключові слова
Ключові слова Історія
-- Героїзм
-- Боротьба
-- Народ
-- Пам’ять
655 ## - Термін індексування — жанр/форма
Жанр/форма Художньо-документальні повісті
Типове ділення Повісті
942 ## - ADDED ENTRY ELEMENTS (KOHA)
Джерело класифікації чи схема поличного розташування
Koha item type Книги
Фонди
Статус вилучення Статус втрати/відсутності Джерело класифікації чи схема поличного розташування Статус пошкодження Тип обігу (не для випозичання) Постійне розташування Поточне розташування Розташування у відділі Дата надходження Інвентарний номер Total Checkouts Повний (примірниковий) шифр зберігання Штрих-код Date last seen Дата, для якої чинна ціна заміни Тип одиниці (рівень примірника)
          Публічна бібліотека Публічна бібліотека Абонемент 08/04/2026 29728   821(477) 20133 08/04/2026 08/04/2026 Книги

Працює на АБІС Коха